Fishy On Me - Tiko Lyrics - Statistics

General Stats
  • This quiz has been taken 7 times
  • The average score is 227 of 393
Answer Stats
% Correct
Fish
100%
Fishy
100%
FIshy
100%
Me
100%
On
100%
You
100%
A
86%
I
86%
Your
86%
The
71%
Be
57%
Do
57%
Don't
57%
If
57%
Knee
57%
Place
57%
Slap
57%
To
57%
With
57%
And
43%
But
43%
Know
43%
Like
43%
Want
43%
It
29%
It's
29%
Just
29%
No
29%
Poop
29%
See
29%
Subscribe
29%
We're
29%
Yeah
29%
Another
14%
Back
14%
Boys
14%
Eat
14%
Friend
14%
Got
14%
Guys
14%
Hey
14%
I'll
14%
Last
14%
Laugh
14%
Love
14%
of
14%
Of
14%
Or
14%
Pee
14%
Places
14%
Share
14%
Song
14%
That
14%
Video
14%
What
14%
Will
14%
Ain't
0%
Are
0%
Banger
0%
Because
0%
Bro
0%
Bye
0%
Dedicated
0%
Did
0%
Drop
0%
Enjoy
0%
Even
0%
Finally
0%
Fishies
0%
FIshies
0%
Found
0%
Get
0%
Gotta
0%
Grow
0%
Help
0%
Helps
0%
Hope
0%
I don't
0%
Into
0%
Lot
0%
lot
0%
Loved
0%
Make
0%
Making
0%
Means
0%
New
0%
Nippies
0%
Really
0%
Recommended
0%
Song's
0%
Songs
0%
Stay
0%
Sure
0%
Thanks
0%
This
0%
Which
0%
No matching quizzes found
Score Distribution
Percent of People with Each Score
Percentile by Number Answered
Your Score History
You have not taken this quiz